Statistics for Pi Digits #08 701-800

Click here to take the quiz!

General Stats

  • This quiz has been taken 159 times
  • The average score is 15 of 20

Answer Stats

Digits% Correct
42019
100%
21290
91%
95611
91%
21960
87%
44181
78%
86403
78%
47713
74%
59813
74%
62977
74%
09960
70%
49999
70%
51870
70%
72113
70%
99837
70%
05973
61%
16096
61%
17328
61%
29780
61%
31859
61%
49951
61%

Score Distribution

Percentile by Number Answered

Percent of People with Each Score

Your Score History

You have not taken this quiz